BDW Trading Ltd (t/a Barratt North London) v J M Rowe (Investments) Ltd (Record no. 113072)

MARC details
000 -LEADER
fixed length control field 01321cad a22001935a 4500
001 - CONTROL NUMBER
control field L154622
008 - FIXED-LENGTH DATA ELEMENTS--GENERAL INFORMATION
fixed length control field 120106e20110512xxk f 000 0 eng d
035 ## - SYSTEM CONTROL NUMBER
System control number (Sirsi) u154622
041 0# - LANGUAGE CODE
Language code of text/sound track or separate title eng
245 00 - TITLE STATEMENT
Title BDW Trading Ltd (t/a Barratt North London) v J M Rowe (Investments) Ltd
Medium [electronic resource]
260 ## - PUBLICATION, DISTRIBUTION, ETC.
Date of publication, distribution, etc. 2011
520 ## - SUMMARY, ETC.
Summary, etc. [2011] EWCA Civ 548, 12 May 2011. Could a buyer of development land rely on a technical breach to free itself from an uncommercial contract? Claimant developer B agreed to purchase a development site from respondent R in 2008. B gave notice to terminate in November 2008 on the grounds that R had not satisfied one of the conditions which it had agreed to meet by July 2008. B appealed against the earlier decision in favour of R. "Held": appeal upheld. R's claim that B had acted in a way that stopped R meeting its responsibility was dismissed. R did not meet a contract condition and B could terminate the contract.
590 ## - LOCAL NOTE (RLIN)
Local note KA
650 24 - SUBJECT ADDED ENTRY--TOPICAL TERM
Topical term or geographic name entry element BDW TRADING LTD (T/A BARRATT NORTH LONDON) V JM ROWE (INVESTMENTS) LTD
651 #4 - SUBJECT ADDED ENTRY--GEOGRAPHIC NAME
Geographic name England and Wales
Chronological subdivision 1543-
690 ## - LOCAL SUBJECT ADDED ENTRY--TOPICAL TERM (OCLC, RLIN)
Topical term or geographic name as entry element PROPERTY-RESIDENTIAL PROPERTY-RESIDENTIAL PROPERTY DEVELOPMENT
856 40 - ELECTRONIC LOCATION AND ACCESS
Uniform Resource Identifier <a href="https://www.bailii.org/ew/cases/EWCA/Civ/2011/548.html">https://www.bailii.org/ew/cases/EWCA/Civ/2011/548.html</a>
Public note View this law report free of charge at www.bailii.org
942 ## - ADDED ENTRY ELEMENTS (KOHA)
Suppress in OPAC 0
Holdings
Withdrawn status Lost status Source of classification or shelving scheme Damaged status Not for loan Home library Current library Shelving location Date acquired Total Checkouts Full call number Barcode Date last seen Copy number Price effective from Koha item type
    Dewey Decimal Classification     Virtual Virtual Online 06/01/2012   ONLINE PUBLICATION 154622-2001 06/08/2019 1 06/08/2019 Law report